| 000 | 005050000a22001810004500 | ||
|---|---|---|---|
| 003 | LK-CoMWRAF | ||
| 008 | 230817t ||||| |||| 00| 0 eng d | ||
| 040 |
_aLK-CoMWRAF _dLK-CoMWRAF _eLK-CoMWRAF |
||
| 041 | _aeng | ||
| 082 |
_a301 _bSRI |
||
| 245 |
_aSri Lanka shadow report on the UN convention on the elimination of all forms discrimination against women _b |
||
| 260 |
_aColombo _bSLWNGOF _c1999 |
||
| 300 | _ap.37 | ||
| 650 | _aCEDAW | ||
| 650 | _aShadow report | ||
| 650 | _awomen-SL | ||
| 942 | _cBK | ||
| 999 |
_c2930 _d2930 |
||